Aplikácia subsystému MTZ aplikačného programového vybavenia VARS v podmienkach k.p. Tesla Liptovský Hrádok záverečná práca postgraduálneho štúdia

Gespeichert in:
Bibliographische Detailangaben
1. Verfasser: Šenšelová, Ľubica
Körperschaft: Vysoká škola ekonomická v Bratislave
Weitere Verfasser: Štefánek, Ján
Format: Buch
Sprache:Slowakisch
Veröffentlicht: Bratislava 1987
Tags: Tag hinzufügen
Keine Tags, Fügen Sie das erste Tag hinzu!

MARC

LEADER 00000nam a2200000 4500
001 c033286
005 20230116094953.1
041 0 |a slo 
044 |a SK 
245 1 0 |a Aplikácia subsystému MTZ aplikačného programového vybavenia VARS v podmienkach k.p. Tesla Liptovský Hrádok  |b záverečná práca postgraduálneho štúdia  |c Ľubica Šenšelová ; Ved. práce Ján Štefánek 
264 1 |a Bratislava  |c 1987 
300 |a 31 s. 
100 1 |a Šenšelová, Ľubica 
700 1 |a Štefánek, Ján 
710 2 |a Vysoká škola ekonomická v Bratislave